000 01409nam a22002417a 4500
999 _c6390
_d6390
003 DO-SdBJH
005 20210729133139.0
008 210729b ||||| |||| 00| 0 spa d
040 _aDO-SdBJH
_bspa
_cDO-SdBJH
090 _aTG ANMG
_b01928 2019
100 1 _aInoa García, Kevin Adonis
_esustentante
245 1 0 _aSituación actual y prospectiva de la Dirección General de Draga, Presa y Balizamientos de la Armada de República Dominicana /
_cKevin Adonis Inoa García, Jorge Luis Sánchez Santos, asesores Manuel Feliz Ledesma, Giorbis Almonte Cabral
260 _aSanto Domingo Este :
_bINSUDE,
_c2019
300 _axlii, 82 páginas
502 _aTrabajo de grado (Licenciado en Ciencias Navales). -- Instituto Superior para la Defensa (INSUDE). Academia Naval Marina de Guerra “Vicealmirante Cesar D’Windt Lavandier”, 2019
504 _aIncluye referencias bibliográficas e índices
505 _aGeneralidades del dragado. -- Operaciones que realiza la Dirección General de Dragas, Presas y Balizamiento. -- Prospectiva de la Dirección General de Dragas, Presas y Balizamiento
700 1 _aSánchez Santos, Jorge Luis
_esustentante
700 1 _aFeliz Ledesma, Manuel
_easesor
700 1 _aAlmonte Cabral, Giorbis
_easesor
830 _aINSUDE. Academia Naval Marina de Guerra “Vicealmirante Cesar D’Windt Lavandier”. Tesis y disertaciones académicas
942 _2CL
_cT